Los Derechos Reales y su inscripción registral.
Salvato in:
| Autore principale: | |
|---|---|
| Natura: | Libro |
| Pubblicazione: |
Lima, Perú:
Gaceta Jurídica S.A.,
2013.
|
| Edizione: | Primer edición. |
| Soggetti: | |
| Tags: |
Aggiungi Tag
Nessun Tag, puoi essere il primo ad aggiungerne!!
|
MARC
| LEADER | 00000cam a2200000 a 4500 | ||
|---|---|---|---|
| 001 | UCD1507 | ||
| 003 | CL-VaPUC | ||
| 005 | 20241129113313.0 | ||
| 008 | 22063072013 ||||| |||| 00| 0 eng d | ||
| 999 | |c 436545 |d 436543 | ||
| 020 | |a 978-612-311-018-5 | ||
| 040 | |c Pontificia Universidad Católica de Valparaíso | ||
| 082 | 0 | 4 | |a 346.13 GON 2013 |2 21 |
| 100 | 0 | |a Gonzales Barrón, Günther Hernán |e autor |9 584602 | |
| 245 | 1 | 4 | |a Los Derechos Reales y su inscripción registral. |
| 250 | |a Primer edición. | ||
| 260 | |a Lima, Perú: |b Gaceta Jurídica S.A., |c 2013. | ||
| 300 | |a 510 páginas. | ||
| 500 | |a c.1 Donación Familia Prof. Alejandro Guzmán Brito. | ||
| 583 | |a last modification |c 20160310 23:10:00 |k Cristina María Rojas Aguilar | ||
| 650 | 0 | |a Derecho civil |9 255013 | |
| 650 | 0 | |a Código civil peruano |9 481461 | |
| 650 | 0 | |a Derechos reales |9 257708 | |
| 650 | 0 | |a Registro de la propiedad |z Perú |9 871870 | |
| 942 | |c BK |2 ddc |n 0 | ||
| 952 | |0 0 |1 0 |2 ddc |4 0 |6 346_130000000000000_GON_2013 |7 1 |8 C_AGB |9 584222 |a BIBDER |b BIBDER |d 2022-06-30 |e Donación |i 5652342 |o 346.13 GON 2013 |p 5652342 |r 2023-01-25 |t 1 |w 2022-06-30 |y BK_US |k AGB | ||